00286nam a2200097Ia 4500008004100000100001800041245004100059245003800100260000900138856004100147160531s9999 xx 000 0 und d aKleyn, Aleks. aOrthonormal Basis in Minkowski Space cby Aleks Kleyn, Alexandre Laugier c2012 uhttp://arxiv.org/pdf/1201.4158v1.pdf